The shallow graves of Rwanda / (Record no. 24491)
[ view plain ]
| 000 -LEADER | |
|---|---|
| fixed length control field | 01654cam a22003735a 4500 |
| 001 - CONTROL NUMBER | |
| control field | 12354065 |
| 005 - DATE AND TIME OF LATEST TRANSACTION | |
| control field | 20240227093639.0 |
| 008 - FIXED-LENGTH DATA ELEMENTS--GENERAL INFORMATION | |
| fixed length control field | 010321r20012000enkb frb 001 0deng d |
| 010 ## - | |
| -- | 2001267501 |
| 020 ## - INTERNATIONAL STANDARD BOOK NUMBER | |
| International Standard Book Number | 1860646166 |
| 035 ## - SYSTEM CONTROL NUMBER | |
| System control number | (OCoLC)ocm45741200 |
| 040 ## - CATALOGING SOURCE | |
| Original cataloging agency | ORX |
| Language of cataloging | eng |
| Transcribing agency | ORX |
| Modifying agency | EMU |
| -- | DLC |
| -- | EG-ScBUE |
| 043 ## - GEOGRAPHIC AREA CODE | |
| Geographic area code | f-rw--- |
| 082 04 - DEWEY DECIMAL CLASSIFICATION NUMBER | |
| Classification number | 967.5710431 |
| Item number | KHA |
| Edition number | 22 |
| 100 1# - MAIN ENTRY--PERSONAL NAME | |
| Personal name | Khan, Shaharyar M. |
| 245 14 - TITLE STATEMENT | |
| Title | The shallow graves of Rwanda / |
| Statement of responsibility, etc | Shaharyar M. Khan ; foreword by Mary Robinson. |
| 260 ## - | |
| -- | London ; |
| -- | New York : |
| -- | I. B. Tauris, |
| -- | 2001. |
| 300 ## - PHYSICAL DESCRIPTION | |
| Extent | xi, 228 p. : |
| Other physical details | map ; |
| Dimensions | 24 cm. |
| 336 ## - CONTENT TYPE | |
| Source | rdacontent |
| Content type term | text |
| Content type code | txt |
| 337 ## - MEDIA TYPE | |
| Media type term | unmediated |
| Source | rdamedia |
| Media type code | n |
| 338 ## - CARRIER TYPE | |
| Carrier type term | volume |
| Carrier type code | nc |
| Source | rdacarrier |
| 500 ## - GENERAL NOTE | |
| General note | Reprint of the 1st edition 2000.<br/> |
| 504 ## - BIBLIOGRAPHY, ETC. NOTE | |
| Bibliography, etc | Includes bibliographical references (p. 220) and index. |
| 600 10 - SUBJECT ADDED ENTRY--PERSONAL NAME | |
| Personal name | Khan, Shaharyar M. |
| 650 #7 - SUBJECT ADDED ENTRY--TOPICAL TERM | |
| Topical term or geographic name as entry element | Genocide |
| Geographic subdivision | Rwanda |
| General subdivision | History |
| Chronological subdivision | 20th century. |
| Source of heading or term | BUEsh |
| 650 #7 - SUBJECT ADDED ENTRY--TOPICAL TERM | |
| Topical term or geographic name as entry element | Tutsi (African people) |
| General subdivision | Crimes against |
| Geographic subdivision | Rwanda |
| General subdivision | History |
| Chronological subdivision | 20th century. |
| Source of heading or term | BUEsh |
| 650 #7 - SUBJECT ADDED ENTRY--TOPICAL TERM | |
| Topical term or geographic name as entry element | Hutu (African people) |
| Geographic subdivision | Rwanda |
| General subdivision | Politics and government |
| Chronological subdivision | 20th century. |
| Source of heading or term | BUEsh |
| 651 #7 - SUBJECT ADDED ENTRY--GEOGRAPHIC NAME | |
| Geographic name | Rwanda |
| General subdivision | History |
| Chronological subdivision | Civil War, 1994 |
| Form subdivision | Personal narratives. |
| Source of heading or term | BUEsh |
| 651 #7 - SUBJECT ADDED ENTRY--GEOGRAPHIC NAME | |
| Geographic name | Rwanda |
| General subdivision | Ethnic relations |
| -- | History |
| Chronological subdivision | 20th century. |
| Source of heading or term | BUEsh |
| 653 ## - INDEX TERM--UNCONTROLLED | |
| Resource For college | BAEPS, Political Science |
| Arrived date list | March2017 |
| 700 1# - ADDED ENTRY--PERSONAL NAME | |
| Personal name | Robinson, Mary, |
| Relator term | author of introduction, etc. |
| 942 ## - ADDED ENTRY ELEMENTS (KOHA) | |
| Source of classification or shelving scheme | Dewey Decimal Classification |
| Classification part | RDA-MOD |
| Withdrawn status | Lost status | Source of classification or shelving scheme | Damaged status | Not for loan | Collection code | Home library | Current library | Shelving location | Date acquired | Source of acquisition | Cost, normal purchase price | Serial Enumeration / chronology | Total Checkouts | Total Renewals | Full call number | Barcode | Date last seen | Date checked out | Cost, replacement price | Price effective from | Koha item type |
|---|---|---|---|---|---|---|---|---|---|---|---|---|---|---|---|---|---|---|---|---|---|
| Dewey Decimal Classification | AUC | Central Library | Central Library | Second Floor | 20/03/2017 | Purchase | 80.00 | 1700 | 2 | 4 | 967.5710431 KHA | 000045869 | 15/07/2025 | 04/06/2024 | 100.00 | 20/03/2017 | Book - Borrowing |